| 000 | 00359nam a22001577a 4500 | ||
|---|---|---|---|
| 003 | SGT | ||
| 020 | _a978498770880 | ||
| 082 |
_a615.3 _bH24P |
||
| 100 | _aPATHAK, YASHWANT,ed. | ||
| 245 | _aHANDBOOK OF NUTRACEUTICALS | ||
| 260 |
_aLONDON _bCRC PRESS _c2024 |
||
| 300 | _a382 | ||
| 650 | _aPHARMACY | ||
| 653 | _aHANDBOOK , NUTRACEUTICALS | ||
| 942 |
_2ddc _cBK |
||
| 999 |
_c26940 _d26940 |
||